000 01020nam a2200193 a 4500
001 53777
005 20180714044215.0
008 140415s1983 mx 000 0 spa d
020 _a9681314077
041 _aspa
082 _a972.06
_bVAL
100 1 _aSALAS MAX -VALDIOSERA BERMAN, RAMON
245 1 0 _aPETROLEO VIOLENTO
250 _a1a ed.
260 _aMEXICO :
_bDIANA,
_c1983
300 _a332
_c14.1 x 1.6 x 21.3
520 _aSIENDO MUY JOVEN, EN EL AÑO DE 1927, RAMON VALDIOSERA BERMAN, VIAJA HACIA PALMA JOLA, PARA VER EL NACIMIENTO DE LO QUE HOY CONOCEMOS COMO POZA RICA, EN EL ESTADO DE VERACRUZ. OBSERVADOR INSACIABLE, VALDIOSERA ANOTA TODO LO QUE VE EN EL BELLO TRAYECTO QUE REALIZA JUNTO CON SU MADRE, DOÑA CRISTINA. CONOCE DE CERCA COMO OPERAN Y CONTROLAN LA ZONA LOS HOLANDESES, INGLESE Y NO POCOS NORTEAMERICANOS. VALDIOSERA ES TERSIGO FIEL DE LA TRANSFORMACION DEL SELVATICO PAISAJE AL COMPLEJO PETROLERO
650 1 4 _aPETROLEO
_xASPECTOS ECONOMICOS
_xPETROLEO
_xHISTORIA
_xMEXICO
999 _c53777
_d53777